Map of Clarendon, Texas and additions.

Bibliographic Details
Corporate Author: Donley County Abstract Co
Format: Map
Language:English
Published: [Clarendon, Tex.] : Donley County Abstract Co., 1976?]
Edition:Rev.
Subjects:

MARC

Tag First Indicator Second Indicator Subfields
LEADER 00000cem a2200000 4500
001 in00002781289
005 20150922104929.0
007 aj aazaa
008 750402r19761930xx a 0 eng
034 0 |a a 
040 |d UtOrBLW 
043 |a n-us-tx 
052 |a 4034  |b C47 
090 |a G4034.C47 1930  |b .D6 1976 
110 2 |a Donley County Abstract Co. 
245 1 0 |a Map of Clarendon, Texas and additions. 
250 |a Rev. 
255 |a No scale given. 
264 1 |a [Clarendon, Tex.] :  |b Donley County Abstract Co.,  |c 1976?] 
300 |a 1 map ;  |c 31 x 44 cm. 
336 |a cartographic image  |b cri  |2 rdacontent 
337 |a unmediated  |b n  |2 rdamedia 
338 |a sheet  |b nb  |2 rdacarrier 
500 |a Blue line print. 
500 |a Oriented with north toward the upper left. 
500 |a "C.E. Killough, 4/15/1930." 
500 |a Cartographic material. 
651 0 |a Clarendon (Tex.)  |v Maps. 
948 |a Needs original cataloging  |b h  |c 2012/8/1  |d c  |e jgreene  |f 1:47:54 pm 
999 |a MARS 
999 f f |s b72cea30-838a-392e-a8c7-e5b88cb10e46  |i 0a955d32-fb2d-330f-a533-bce8c1198685  |t 0 
952 f f |p normal  |a Texas A&M University  |b College Station  |c Sterling C. Evans Library  |d Evans: Maps (2nd floor)  |t 0  |e G4034.C47 1930 .D6 1976  |h Library of Congress classification  |i unmediated -- sheet  |m A14841101202 
998 f f |a G4034.C47 1930 .D6 1976  |t 0  |l Evans: Maps (2nd floor)